<?xml version="1.0" encoding="UTF-8"?>
<record
    xmlns:xsi="http://www.w3.org/2001/XMLSchema-instance"
    xsi:schemaLocation="http://www.loc.gov/MARC21/slim http://www.loc.gov/standards/marcxml/schema/MARC21slim.xsd"
    xmlns="http://www.loc.gov/MARC21/slim">

  <leader>01816nam a22001577a 4500</leader>
  <controlfield tag="008">190329b        xxu||||| |||| 00| 0 eng d</controlfield>
  <datafield tag="020" ind1=" " ind2=" ">
    <subfield code="a">9781941332375</subfield>
  </datafield>
  <datafield tag="082" ind1=" " ind2=" ">
    <subfield code="a">709.04</subfield>
    <subfield code="b">F363e</subfield>
  </datafield>
  <datafield tag="100" ind1=" " ind2=" ">
    <subfield code="a">Fern&#xE1;ndez Pascual, Daniel y Schwabe, Alon</subfield>
    <subfield code="9">6993</subfield>
  </datafield>
  <datafield tag="245" ind1=" " ind2=" ">
    <subfield code="a">The Empire Remains Shop</subfield>
  </datafield>
  <datafield tag="260" ind1=" " ind2=" ">
    <subfield code="a">City of New York</subfield>
    <subfield code="b">Columbia Books on Architecture and the City </subfield>
    <subfield code="c">2018</subfield>
  </datafield>
  <datafield tag="300" ind1=" " ind2=" ">
    <subfield code="a">272 p.</subfield>
    <subfield code="b">ill (col).</subfield>
    <subfield code="c">25,8 cm.</subfield>
  </datafield>
  <datafield tag="505" ind1=" " ind2=" ">
    <subfield code="t">Foreword</subfield>
    <subfield code="r">Elizabeth A. Povinelli</subfield>
    <subfield code="t">Unmarketing The Board</subfield>
    <subfield code="t">The Forest Does Not  Employ Me Anymore</subfield>
    <subfield code="r">With Forager Collective</subfield>
    <subfield code="t">Banning Taste: Boycotts, Identity, And Resistance</subfield>
    <subfield code="r">Elisabetta Brighi, Laleh Khalili, Nitasha Kaul, and Daniel Conway</subfield>
    <subfield code="t">Bananormativity, Transplants, and The Genetically Eroded</subfield>
    <subfield code="t">Sugar, Slaves anda Sodomites</subfield>
    <subfield code="r">Richie Maitland</subfield>
    <subfield code="t">Synthetic Blood on Leopard Skin</subfield>
    <subfield code="r">Revital Cohen and Tuur van Balen</subfield>
    <subfield code="t">Speculations on Disappearance</subfield>
    <subfield code="t">Carbolonialism: The Financialization of Forests</subfield>
    <subfield code="r">Harry Keene</subfield>
    <subfield code="t">Commercial Extinction: The Exhaustion of Exhaustion </subfield>
    <subfield code="r">Fraud</subfield>
    <subfield code="t">Climavore: Under the Sea There is a Hole</subfield>
    <subfield code="t">Buy the Rumor, Sell the News</subfield>
    <subfield code="r">Asunci&#xF3;n Molinos</subfield>
    <subfield code="t">Tilling Rab Lands in a Post-Plantantion Economy: A Conversation on Caribbean Soil</subfield>
    <subfield code="r">Analee Davis </subfield>
    <subfield code="t">The "Next 'Invasive' is 'Native'": A Performance Lecture for Two Voices</subfield>
    <subfield code="t">Devaluing Property Real State Agency </subfield>
    <subfield code="t">What Spatters and Stains </subfield>
    <subfield code="r">Jesse Connuck </subfield>
    <subfield code="t">Today We Are Green </subfield>
    <subfield code="t">Fugitive Remains: Soil, Celluloid, and Resistant Collectivities</subfield>
    <subfield code="r">Ros Gray et all. </subfield>
    <subfield code="t">Midnight Masala: Border-Fluid Toilet Cruising </subfield>
    <subfield code="r">With a performance by Shahmen Suku/Radha La Bia</subfield>
    <subfield code="t">An Old World in a Former New World</subfield>
    <subfield code="t">Franchise the Empire Remains Shop</subfield>
    <subfield code="t">Acknowledgments</subfield>
    <subfield code="t">Contributors</subfield>
    <subfield code="t">Image Sources</subfield>
  </datafield>
  <datafield tag="650" ind1=" " ind2=" ">
    <subfield code="2">Arte contempor&#xE1;neo</subfield>
    <subfield code="v">Arte -  instalacionens</subfield>
    <subfield code="x">Arte - exhibiciones </subfield>
    <subfield code="x">Arte - consumo</subfield>
    <subfield code="x">Arte - imperialismo</subfield>
    <subfield code="9">6994</subfield>
  </datafield>
  <datafield tag="700" ind1=" " ind2=" ">
    <subfield code="a">Connuck, Jesse (Editor)</subfield>
    <subfield code="9">6995</subfield>
  </datafield>
  <datafield tag="999" ind1=" " ind2=" ">
    <subfield code="c">1764</subfield>
    <subfield code="d">1764</subfield>
  </datafield>
  <datafield tag="952" ind1=" " ind2=" ">
    <subfield code="0">0</subfield>
    <subfield code="1">0</subfield>
    <subfield code="2">ddc</subfield>
    <subfield code="4">0</subfield>
    <subfield code="7">0</subfield>
    <subfield code="a">LV</subfield>
    <subfield code="b">LV</subfield>
    <subfield code="c">Pensamiento</subfield>
    <subfield code="d">2019-03-29</subfield>
    <subfield code="l">0</subfield>
    <subfield code="o">709.04 F363e</subfield>
    <subfield code="p">002977</subfield>
    <subfield code="r">2019-03-29 00:00:00</subfield>
    <subfield code="w">2019-03-29</subfield>
    <subfield code="y">01</subfield>
  </datafield>
</record>
